Vplyv pandémie Covid-19 na fungovanie sektora HORECA

Dopad pandémie Covid-19 na sektor HORECA. HoReCa je pojem, ktorý zahŕňa segment hotelierstva a rôznych druhov gastronomických prevádzok, ide o skratku slov označujúcich miesta predaja s priamou konzumáciou tovarov a služieb: Hotel, Reštaurácia, Stravovanie/Kaviareň (Catering). Sektor HORECA, ako súč...

Descripción completa

Guardado en:
Detalles Bibliográficos
Autor principal: Chrobák, Marián, 1997-
Formato: Capítulo de libro
Lenguaje:eslovaco
Materias:
Etiquetas: Agregar Etiqueta
Sin Etiquetas, Sea el primero en etiquetar este registro!

MARC

LEADER 00000naa a2200000 4500
001 0283311
005 20240502074407.8
041 0 |a slo 
044 |a SK 
245 1 0 |a Vplyv pandémie Covid-19 na fungovanie sektora HORECA  |c Marián Chrobák 
520 |a Dopad pandémie Covid-19 na sektor HORECA. HoReCa je pojem, ktorý zahŕňa segment hotelierstva a rôznych druhov gastronomických prevádzok, ide o skratku slov označujúcich miesta predaja s priamou konzumáciou tovarov a služieb: Hotel, Reštaurácia, Stravovanie/Kaviareň (Catering). Sektor HORECA, ako súčasť cestovného ruchu, zahŕňa ubytovacie a stravovacie služby. Budúcnosť sektora HORECA. 
610 2 0 |a ruch cestovný 
610 2 0 |a hotelierstvo 
610 2 0 |a reštaurácie 
610 2 0 |a pandémia 
610 2 0 |a koronavírus 
610 2 0 |a Slovensko 
100 1 |a Chrobák, Marián, 1997-